Văn học Việt Nam thế kỷ XX Tiểu thuyết 1945 - 1975 Q.1 T.XXI Thúy/ Hà Khánh Linh. Thôn Bầu thắc mắc/ Sao Mai. Bên đường 12/ Vũ Tú Nam,...
v.v...
Đã lưu trong:
| Tác giả chính: | |
|---|---|
| Định dạng: | Sách |
| Năm xuất bản: |
H.
Văn học
2005
|
| Chủ đề: | |
| Tags: |
Thêm thẻ
Không có thẻ, Hãy là người đầu tiên gắn thẻ bản ghi này!
|
| LEADER | 01195nam a2200205 4500 | ||
|---|---|---|---|
| 082 | |a 895.92233408 |b V114h | ||
| 100 | |a Mai Quốc Liên | ||
| 245 | |a Văn học Việt Nam thế kỷ XX |c Mai Quốc Liên chủ biên, Chu Giang, Nguyễn Cừ |n Q.1 T.XXI |b Tiểu thuyết 1945 - 1975 |p Thúy/ Hà Khánh Linh. Thôn Bầu thắc mắc/ Sao Mai. Bên đường 12/ Vũ Tú Nam,... | ||
| 260 | |a H. |b Văn học |c 2005 | ||
| 300 | |a 1029 tr. |c 24 cm | ||
| 520 | |a v.v... | ||
| 653 | |a Văn học hiện đại | ||
| 653 | |a Thế kỷ 20 | ||
| 653 | |a Việt Nam | ||
| 653 | |a Tiểu thuyết | ||
| 942 | |2 ddc |c STK0 | ||
| 999 | |c 1926 |d 1926 | ||
| 952 | |0 0 |1 0 |2 ddc |4 0 |6 895_922334080000000_V114H |7 1 |8 800 |9 29421 |a qbu |b qbu |c D5 |d 2014-12-11 |g 206000 |o 895.92233408 V114h |p 5282.c1 |r 0000-00-00 |w 2014-12-11 |y STK0 |0 0 |6 895_922334080000000_V114H | ||
| 952 | |0 0 |1 0 |2 ddc |4 0 |6 895_922334080000000_V114H |7 0 |8 800 |9 29422 |a qbu |b qbu |c D5 |d 2014-12-11 |g 206000 |o 895.92233408 V114h |p 5282.c2 |r 0000-00-00 |w 2014-12-11 |y STK0 |0 0 |6 895_922334080000000_V114H | ||
| 952 | |0 0 |1 0 |2 ddc |4 0 |6 895_922334080000000_V114H |7 0 |8 800 |9 29423 |a qbu |b qbu |c D5 |d 2014-12-11 |g 206000 |o 895.92233408 V114h |p 5282.c3 |r 0000-00-00 |w 2014-12-11 |y STK0 |0 0 |6 895_922334080000000_V114H | ||